000 00679nam a2200205Ia 4500
003 GCL
008 140319s9999 xx 000 0 ara d
040 _aGCL /
_cGCL
082 0 4 _a956.906
_bى ا
100 1 _aيشعيا هو بن فورات
245 1 0 _aالتفصير المحدال /
_cيشعيا هو بن فورات
700 1 _aيهونتان غيفن
700 1 _aاورى , دان
260 _a[S.N] :
_bمؤسسة الدراسات الفلسطينية ،
_c1986
300 _a356 ص
490 _aمؤسسة الدراسات الفلسطينية
_v0
650 0 4 _aالنزاع العربى الاسرائيلى
650 0 4 _aفلسطين
942 _2ddc
_cBK
999 _c31093
_d31093